000 01375nam0a2200385 i 4500
001 RU\NLR\BIBL_A\010663134
005 20241115075212.0
010 _a9785779322461
_95000
021 _aRU
_b2014-91741
_95574
035 _a(NILC)RuMoRGB-007833470
035 _a(NLR Aleph) 010663134
090 _a10751186
_c10751186
100 _a20150202d2014 um y0rusy50 ca
101 0 _arus
102 _aRU
105 _aac||z|||000yy
200 1 _aРусские в Париже в 1814 году
_fАлександр и Лидия Самоваровы
210 _aМосква
_cБелый город [и др.]
_d2014
215 _a47, [1] с.
_cцв. ил., портр.
_d27
225 1 _aИстория России
300 _aНа обл. авт. не указаны
333 _a12+
606 _aЗаграничные походы русских войск
_jИздания для детей
_z1813 - 1814
_92536907
_3RU\NLR\AUTH\661502260
686 0 _aШ9
_bЦ
686 0 _aШ9
_bТ3(2)
700 1 _aСамоваров
_bА. В.
_gАлександр Владимирович
701 1 _aСамоварова
_bЛ.
_gЛидия
801 0 _aRU
_bРГБ
_c20141204
_gRCR
801 1 _aRU
_bРГБ
_c20141204
_2rusmarc
942 _cBOOK
980 _aNBR